Lyrics - Sleep Well - d4vd - Statistics

General Stats
  • This quiz has been taken 6 times
  • The average score is 178 of 184
Answer Stats
Hint Answer % Correct
about
100%
ain't
100%
alright
100%
always
100%
and
100%
at
100%
be
100%
but
100%
dear
100%
verse do
100%
doing
100%
don't
100%
even
100%
every
100%
feel
100%
for
100%
guy
100%
has
100%
haven't
100%
here
100%
I
100%
if
100%
I'll
100%
chorus I'm
100%
it
100%
just
100%
know
100%
look
100%
love
100%
make
100%
me
100%
my
100%
next
100%
night,
100%
no
100%
now
100%
now,
100%
of
100%
our
100%
perfect
100%
power
100%
real?
100%
real
100%
right
100%
say
100%
see
100%
stand
100%
still
100%
that
100%
the
100%
then
100%
think
100%
thought
100%
to
100%
way
100%
we
100%
what
100%
when
100%
whole
100%
who's
100%
world
100%
you
100%
you,
100%
as
80%
before
80%
doesn't
80%
dreams,
80%
eye
80%
fear
80%
go
80%
in
80%
matter
80%
might
80%
mine
80%
must
80%
not
80%
scared,
80%
seen
80%
sleep?
80%
sleep,
80%
such
80%
terrified
80%
there's
80%
thing
80%
won't
80%
your
80%
near
60%
No matching quizzes found
Score Distribution
Percent of People with Each Score
Percentile by Number Answered
Your Score History
You have not taken this quiz